Cities by landmark - Statistics

General Stats
  • This quiz has been taken 38 times
  • The average score is 12 of 20
Answer Stats
Picture Answer % Correct
Rio De Janeiro
100%
Beijing
90%
Kuala Lumpur
87%
Agra
84%
Barcelona
84%
Petra
84%
Istanbul
81%
Toronto
74%
Sydney
68%
Budapest
61%
Saint Louis
58%
Berlin
55%
Luxor
55%
Singapore
48%
San Francisco
45%
Mecca
32%
Stockholm
26%
Dakar
19%
Vancouver
19%
Cuzco
10%
No matching quizzes found
Score Distribution
Percent of People with Each Score
Percentile by Number Answered
Your Score History
You have not taken this quiz